Biblioteca

Struggles for power in early Christianity (Registro nro. 64806)

Detalles MARC
000 -LÍDER
Campo fijo de descripción fija 01619pam a2200373 i 4500
001 - NÚMERO DE CONTROL
Campo de control 71800522
003 - IDENTIFICADOR DEL NÚMERO DE CONTROL
Campo de control OCoLC
005 - FECHA Y HORA DE LA ULTIMA TRANSACCIÓN
control field 20190208114045.0
008 - ELEMENTOS DE LONGITUD FIJA -- INFORMACIÓN GENERAL
Campo fijo de descripción fija -- Información general 060918t20072007nyu b 001 0 eng
010 ## - NÚMERO DE CONTROL DE LA BIBLIOTECA DEL CONGRESO
Número de control LC 2006030804
020 ## - NÚMERO INTERNACIONAL NORMALIZADO PARA LIBROS
Número Internacional Normalizado del libro 1570757089
020 ## - NÚMERO INTERNACIONAL NORMALIZADO PARA LIBROS
Número Internacional Normalizado del libro 9781570757082
020 ## - NÚMERO INTERNACIONAL NORMALIZADO PARA LIBROS
Cancelado / ISBN no válido 1570757105 (alk. paper)
040 ## - FUENTE DE CATALOGACIÓN
Agencia de catalogación original DLC
Agencia que realiza la transcripción CO-MdFUSB
Agencia que realiza la modificación IG#
-- BTCTA
-- BAKER
-- PLT
-- YDXCP
-- UtOrBLW
Idioma de catalogación spa
Convenciones de la descripción rda
041 1# - CÓDIGO DE IDIOMA
Código de idioma para texto/pista de sonido o título separado eng
Código de idioma original spa
082 ## - NÚMERO DE CLASIFICACIÓN DECIMAL DEWEY
Número de la edición del Dewey 24
Número de clasificación G 227.8306
Clave de autor-Numero de item T157s
100 1# - ASIENTO PRINCIPAL--NOMBRE PERSONAL
Nombre personal Tamez, Elsa.
Término relacionador autor
240 10 - TITULO UNIFORME
Título uniforme <a href="Luchas de poder en los origenes de Cristianismo.">Luchas de poder en los origenes de Cristianismo.</a>
245 10 - TÍTULO
Título del Material Struggles for power in early Christianity
Parte restante del título - Subtitulo : a study of the first letter to Timothy
Mención de responsabilidad, etc. / Elsa Tamez ; traducido por Gloria Kinsler.
264 #1 - PRODUCCIÓN, PUBLICACIÓN, DISTRIBUCIÓN, MANUFACTURA, Y COPYRIGHT
Lugar de producción, publicación, distribución, manufactura Maryknoll, NY :
Nombre del productor, publicador, distribuidor Orbis,
Fecha de producción, publicación, distribución, manufactura, o copyright ℗2007
264 #4 - PRODUCCIÓN, PUBLICACIÓN, DISTRIBUCIÓN, MANUFACTURA, Y COPYRIGHT
Fecha de producción, publicación, distribución, manufactura, o copyright 2007.
300 ## - DESCRIPCIÓN FÍSICA
Extensión xxv, 163 páginas ;
Dimensiones 21 cm.
336 ## - TIPO DE CONTENIDO
Fuente rdacontent.
Término de tipo de contenido texto
Código de tipo de contenido txt
337 ## - TIPO DE MEDIO
Fuente rdamedia.
Nombre del tipo de medio sin mediación
Código del tipo de medio n
338 ## - TIPO DE SOPORTE
Fuente rdacarrier.
Nombre del tipo de soporte volumen
Código Tipo de soporte nc
500 ## - NOTA GENERAL
Nota General Originalmente. Luchas de poder en los origenes de Cristianismo.
501 ## - NOTA DE “CON”
Nota de Contenido Incluye índices (páginas 155- 163)
504 ## - NOTA DE BIBLIOGRAFÍA, ETC.
Nota de bibliografía, etc Bibliografía (páginas 151- 154)
505 0# - NOTA DE CONTENIDO
Nota de contenido con formato preestablecido Prólogo de Juan José Tamayo -- Prólogo a la edición en inglés -- Introducción -- Los ricos y las luchas por el poder en la comunidad cristiana -- El hogar patriarcal y las relaciones de poder entre los géneros -- Las posiciones teológicas y las luchas por el poder -- Criterios para el liderazgo y las luchas por el poder -- Conclusión
630 07 - TITULO UNIFORME
Título uniforme Biblia.
Nombre de parte o sección de la obra Timoteo, 1ª
942 ## - TIPO DE MATERIAL (KOHA)
Tipo de Item KOHA Libros General
Existencias
Estado de Material Estado de Perdido Forma de Clasificación Estado de Dañado No para Préstamo Colección Biblioteca de Origen Biblioteca Permanente Fecha de Adquisición Total de Préstamos Signatura Topográfica Código de Barras Última vez visto Última vez Préstado Ejemplar/Existencia Fecha de Remplazo Tipo de Material
    Dewey Decimal Classification     Colección General Biblioteca FUSBC Biblioteca FUSBC 08/02/2019 1 G 227.8306 T157s 8736 07/06/2023 30/05/2023 Ej. 1 08/02/2019 Libros General

Biblioteca FUSBC | Teléfono: (57+4) 349 88 10 Ext. 141| WhatsApp (+57) 3005338115 
E-mail: biblioteca@unisbc.edu.co | Calle 76 87-14 Robledo Palenque, Medellín, Colombia

Con tecnología Koha